Stop jadrovej energii?
Otázka jadrovej energie - diskutovaná téma na európskych fórach. Postoje európskych krajín k využitiu jadrovej energie. Švédsko - pokračovanie v jadrovom programe. Švajčiarsko - jadrová energia podporená ľudovým referendom. Nemecko - rozvoj veterných elektrární. Francúzsko - európska veľmoc v jadrov...
Saved in:
| Main Author: | |
|---|---|
| Format: | Book Chapter |
| Language: | Slovak |
| Subjects: | |
| Tags: |
No Tags, Be the first to tag this record!
|
MARC
| LEADER | 00000naa$a2200000$$$4500 | ||
|---|---|---|---|
| 001 | 0024549 | ||
| 005 | 20231009070224.9 | ||
| 041 | 0 | |a slo | |
| 044 | |a SK | ||
| 245 | 1 | 0 | |a Stop jadrovej energii? |c Róbert Reich |
| 520 | |a Otázka jadrovej energie - diskutovaná téma na európskych fórach. Postoje európskych krajín k využitiu jadrovej energie. Švédsko - pokračovanie v jadrovom programe. Švajčiarsko - jadrová energia podporená ľudovým referendom. Nemecko - rozvoj veterných elektrární. Francúzsko - európska veľmoc v jadrovej energetike. Rakúsko - najrozhodnejší odporca jadrovej energie. | ||
| 610 | 2 | 0 | |a energetika |
| 610 | 2 | 0 | |a energia atómová |
| 610 | 2 | 0 | |a energia veterná |
| 610 | 2 | 0 | |a ochrana prostredia životného |
| 610 | 2 | 0 | |a emisie |
| 610 | 2 | 0 | |a krajiny vyspelé |
| 100 | 1 | |a Reich, Róbert | |